| 000 | 00839cam a2200241 a 4500 | ||
|---|---|---|---|
| 001 | 000012814 | ||
| 005 | 20200929163059.0 | ||
| 008 | 830725s1974 ve b 000 0 spa | ||
| 010 | _a 82230300 | ||
| 040 |
_aDO-SdBNP _bspa _dBNPHU |
||
| 082 |
_axx _bD946m, 1974 |
||
| 100 | 1 |
_aDuque Sánchez, José Román, _d1914- _929622 |
|
| 245 | 1 | 0 |
_aManual de derecho minero venezolano / _cJosé Román Duque Sánchez. |
| 250 | _a2a ed. | ||
| 260 |
_aCaracas : _bUniversidad Católica Andrés Bello, _c[1974]. |
||
| 300 |
_a351 p. ; _c22 cm. |
||
| 490 | 1 | _aUniversidad Católica Andrés Bello | |
| 490 | 1 | _aManuales de Derecho | |
| 504 | _aIncluye bibliografía | ||
| 650 | 4 |
_aDerecho minero _zVenezuela _929623 |
|
| 650 | 4 |
_aDerecho minero _xLegislación _929624 |
|
| 830 | 0 |
_aUniversidad Católica Andrés Bello ; _pManuales de Derecho _929625 |
|
| 999 |
_c12464 _d12464 |
||